000 01257nam a22003737a 4500
001 000106964
003 CHAP
005 20220329143908.0
008 120622s1993 mdu r 00010 eng d
010 _a103426
011 _a104398
022 0 _a1052-5378
035 _a115088
040 _cCHAP
082 0 4 _a633.016
_bS25
100 1 _aSaunders, Janet
_9102754
245 1 0 _aGene expression in field crops :
_bjanuary 1991 - november 1992 /
_c/por Jane Saunders y Robert Warmbrodt.
260 _aMaryland, EUA :
_bNational Agricultural Library,
_c1993.
300 _a117 p.
490 0 _aQuick bibliography series.
_pBiotechnology
_v; 93-16
590 _aBATCH-UPD
_b10
_c20130110
_lUCH01
_h1813
590 _aBATCH-UPD
_b10
_c20130410
_lUCH01
_h1148
590 _aBATCH-UPD
_b10
_c20130914
_lUCH01
_h1540
590 _aCONVERSION
_b10
_c20130109
_lUCH01
_h1357
590 _aE11695DGD
_b10
_c20150610
_lUCH01
_h0908
590 _aE5765TAJ
_b05
_c20150608
_lUCH01
_h0933
590 _aE5765TAJ
_b05
_c20150608
_lUCH01
_h0934
650 1 4 _aCultivos
_xBibliografía.
_930235
650 1 4 _aPlantas
_xMejoramiento
_xBibliografía.
_988850
830 0 _aQuick bibliography series.
_pBiotechnology
_v; 93-16
_993293
901 _aBK
942 _cLIBRO
942 _n0
999 _c103426
_d103426